000 004480000a22001810004500
003 MACL
005 20160105114143.0
008 160105b xxu||||| |||| 00| 0 eng d
040 _aMACL
_cMACL'
041 _aEnglish
082 _a823/ARC
100 _aArcher, W G
_927731
245 _aThe Kama Sutra of Vatsyayana
260 _bGeorge Allen & Unwin Ltd
_c1965
_aLondon
350 _a42
650 _aFiction
_927732
942 _cBK
_k823/ARC
_2ddc
999 _c35716
_d35716